000 00907nam a2200277 i 4500
005 20160119025224.0
008 140311s1996 ck ||||| |||| 00| 0 spa d
040 _aCO-BoIAVH
_cCO-BoIAVH
041 _aspa
044 _ack
082 0 4 _a680
_bH56l
100 1 _aHerrera R., Neve Enrique
245 1 0 _aListado general de oficios artesales
260 _aBogotá :
_bMinisterio de Desarrollo Económico :
_bArtesanías de Colombia :
_bSENA,
_c1996.
300 _a58 páginas ;
_c24 cm.
650 1 4 _aArtesanías
650 2 4 _aOficios
_vListas.
650 2 4 _aCarpintería
650 2 4 _aEbanistería
650 2 4 _aTrabajos en madera
650 2 4 _aMarquetería
650 2 4 _aTalla (Artes aplicada)
650 2 4 _aTrabajos en cuero
710 2 _aCentro de Investigación y Documentación Artesanal, CENDAR
942 _cLIBRO
_2ddc
999 _c3366
_d3366